000 00409nam a2200145Ia 4500
008 231129s1982||||xx |||||||||||||| ||spa||
020 _a950-16-0507-8
040 _bspa
082 _a895.43 R177s
100 _aRampa Lobsang
245 0 _aLa sabidurí­a de los ancianos
260 _c1982
264 _aBuenos Aires Argentina : Ediciones Troquel
942 _2ddc
_cBKS
999 _c18171
_d18171